1003 1517 1780 1536 1437 1642 1744 1149 1247 1983 1283 1363 1030 1424 1414 1394 1460 1861 1945 1187 1263 1970 1711 1209 1411 1412 1542 1642 1926 1516 1728 1758 1821 1427 1015 1146 1443 1286 1233 1112 1687 1339 1300 1802 1046 1566 1228 1963 1942 1814 1004 1236 1076 1602 1018 1955 1239 1935 1275 1766 1053 1097 1655 1330 1450 1554 1104 1903 1314 1490 1219 1037 1740 1998 1708 1337 1094 1043 1494 1346 1518 1400 1691 1803 1808 1336 1739 1484 1346 1493 1245 1816 1264 1089 1233 1704 1334 1373 1406 BCNSPRNW ULIB Ver.6.0+V

เปลี่ยนเป็นภาษาไทย

Change to English
 แสดงรายละเอียดบรรณานุกรม
  กลับหน้าหลัก

Brief Record : Get Marc (ISO 2709) : E-mail record : QR code < ปิดหน้าต่าง
LEADER : 00000nam 2200000uu 4500
001    13399111991
003     ULIB
008    110714s2552||||th 000 0 tha d
020    6160600014
090    นว.^bH111p 2552
100 0   Hideko_Sunshine
245 00 Prince of War เสี่ยงรักปฏิวัติหัวใจ/^c Hideko_Sunshine
250    พิมพ์ครั้งที่ 1
260    กรุงเทพฯ :^bแจ่มใส,^c2552
300    260 หน้า
945    ^p189^l0^i026739
995     เกษร
999     ^aใช้งานได้ทุกระบบ
รายการนี้ยังไม่มีแท็ก
คุณยังไม่ได้ล็อกอิน คุณสามารถมีกิจกรรมร่วมกับเว็บไซต์ได้ แต่ต้องล็อกอินก่อน ::
  ล็อกอิน

รายการสื่อสารสนเทศ

ลำดับที่ ประเภท เลขเรียก/บาร์โค้ด สถานที่ สถานะ
1. นวนิยาย
นวนิยาย
นว. H111p 2552  
  Barcode: 026739
ห้องสมุดวิทยาเขตสวรรค์ประชารักษ์
►นวนิยาย
บนชั้น
  ขอยืม

BibComment


ยังไม่เคยถูกคอมเมนท์

คอมเมนท์ทรัพยากรรายการนี้
  คอมเมนท์: Prince of War เสี..


 Copyright 2026. Bcnsprnw @Library